Sobre la enseñanza del Derecho Constitucional. (Registro nro. 21863)
[ vista simple ]
| 000 -LEADER | |
|---|---|
| fixed length control field | 00328 a2200109 4500 |
| 001 - CONTROL NUMBER | |
| control field | ART_58058 |
| 005 - DATE AND TIME OF LATEST TRANSACTION | |
| control field | 20260410161815.0 |
| 008 - FIXED-LENGTH DATA ELEMENTS--GENERAL INFORMATION | |
| fixed length control field | 260409a |
| 100 1# - MAIN ENTRY--PERSONAL NAME | |
| Personal name | Gusman, Alfredo S. |
| 245 10 - TITLE STATEMENT | |
| Title | Sobre la enseñanza del Derecho Constitucional. |
| 773 0# - HOST ITEM ENTRY | |
| Title | Academia |
| Related parts | - Año 18, N° 37 (ene./jun. 2021) |
| Record control number | REV4314 |
No hay ítems disponibles.